খেলাধূলার ইতিকথা / (Record no. 52702)
[ view plain ]
| 000 -LEADER | |
|---|---|
| fixed length control field | 00853nam a2200241 a 4500 |
| 001 - CONTROL NUMBER | |
| control field | 52702 |
| 003 - CONTROL NUMBER IDENTIFIER | |
| rucl marc code | BD-RjUL |
| 005 - DATE AND TIME OF LATEST TRANSACTION | |
| control field | 20211209075840.0 |
| 008 - FIXED-LENGTH DATA ELEMENTS--GENERAL INFORMATION | |
| fixed length control field | 160925s1969 bg ||||| |||| 00| 0 ben d |
| 020 ## - INTERNATIONAL STANDARD BOOK NUMBER | |
| Terms of availability | : Tk. 3.50 |
| 035 ## - SYSTEM CONTROL NUMBER | |
| System control number | (BD-RjUL)52822 |
| 040 ## - CATALOGING SOURCE | |
| Original cataloging agency | BD-RjUL |
| Language of cataloging | ben |
| Transcribing agency | BD-RjUL |
| 041 ## - LANGUAGE CODE | |
| Language code of text/sound track or separate title | ben |
| 082 ## - DEWEY DECIMAL CLASSIFICATION NUMBER | |
| Edition number | 23 |
| Classification number | 796.09 |
| Author mark and year | JOK 1969 |
| 100 1# - MAIN ENTRY--PERSONAL NAME | |
| Personal name | জব্বার, এম এ |
| 9 (RLIN) | 136016 |
| 245 10 - TITLE STATEMENT | |
| Title | খেলাধূলার ইতিকথা / |
| Statement of responsibility, etc. | এম এ জব্বার |
| 260 ## - PUBLICATION, DISTRIBUTION, ETC. (IMPRINT) | |
| Place of publication, distribution, etc. | রাজশাহী |
| Name of publisher, distributor, etc. | বেগম লতিফা জব্বার, |
| Date of publication, distribution, etc. | ১৯৬৯ |
| 300 ## - PHYSICAL DESCRIPTION | |
| Pagination | খণ্ড ; |
| Size | ১২ সেমি. |
| 505 ## - FORMATTED CONTENTS NOTE | |
| Formatted contents note | খণ্ড ১ -- |
| 650 ## - SUBJECT ADDED ENTRY--TOPICAL TERM | |
| Topical term or geographic name as entry element | খেলাধূলা |
| Form subdivision | ইতিহাস ও সমালোচনা |
| 9 (RLIN) | 157612 |
| Topical term or geographic name as entry element | Games |
| Form subdivision | History and criticism |
| 9 (RLIN) | 157613 |
| 942 ## - ADDED ENTRY ELEMENTS (KOHA) | |
| Source of classification or shelving scheme | Dewey Decimal Classification |
| Koha item type | Books |
| Lost status | Source of classification or shelving scheme | Damaged status | Not for loan | Collection code | Permanent Location | Current Location | Shelving location | Date acquired | Source of acquisition | Cost, normal purchase price | Total Checkouts | Full call number | Date last seen | Copy number | Koha item type |
|---|---|---|---|---|---|---|---|---|---|---|---|---|---|---|---|
| Dewey Decimal Classification | Non-fiction | Central Library, University of Rajshahi | Central Library, University of Rajshahi | Electronic Books | 15/01/1974 | Saleha books. | 3.50 | B 796.09 JOK V-1 1969 | 25/09/2016 | C-2 | Books | ||||
| Dewey Decimal Classification | Non-fiction | Central Library, University of Rajshahi | Central Library, University of Rajshahi | Electronic Books | 15/01/1974 | Saleha books. | 3.50 | B 796.09 JOK V-1 1969 | 25/09/2016 | C-3 | Books | ||||
| Dewey Decimal Classification | Not For Loan | Non-fiction | Central Library, University of Rajshahi | Central Library, University of Rajshahi | Reading Room | 01/12/1973 | Saleha Book | 3.50 | B 796.09 JOK V-1 1969 | 02/02/2017 | C-1 | Books |